Top 15 landen met Covid-19 sterfgevallen - 17 juli - Statistieken

Algemene statistieken
  • Deze quiz is 4 keer genomen
  • De gemiddelde score is 13 van 20
Antwoordstatistieken
land % Correct
België
100%
Brazilië
100%
Italië
100%
Nederland
100%
Spanje
100%
Verenigde Staten
100%
Verenigd Koninkrijk
100%
Canada
50%
Duitsland
50%
Ecuador
50%
Frankrijk
50%
Ierland
50%
India
50%
Iran
50%
Mexico
50%
Panama
50%
Peru
50%
Rusland
50%
Zweden
50%
Chili
0%
Geen overeenkomende quizzen gevonden
Scoreverdeling
Procent van Mensen met Elke Score
Percentiel versus Aantal Correcte Antwoorden
Uw Scoregeschiedenis
U heeft deze quiz nog niet genomen